BIBLIOTECA “JULIO CORTÁZAR”
ESCUELA AGROTÉCNICA “LIBERTADOR GENERAL SAN MARTÍN” - UNR – CASILDA

Logo Escuela Logo UNR

Espacios y sociedades del mundo : (Record no. 84)

MARC details
000 -LEADER
campo de control de longitud fija 01060nam#a22003375a#4500
001 - NÚMERO DE CONTROL
campo de control 84
008 - DATOS DE LONGITUD FIJA--INFORMACIÓN GENERAL
campo de control de longitud fija 051025s20012001ag#abeod######001#0#spa#d
020 ## - NÚMERO INTERNACIONAL ESTÁNDAR DEL LIBRO
Número Internacional Estándar del Libro 9501324036
080 ## - NÚMERO DE LA CLASIFICACIÓN DECIMAL UNIVERSAL
Número de la Clasificación Decimal Universal 911.3:30(100:82)
084 ## - OTRO NÚMERO DE CLASIFICACIÓN
Número de clasificación B39-D25
040 ## - FUENTE DE CATALOGACIÓN
Centro catalogador/agencia de origen AR-ClEAG
Centro/agencia transcriptor AR-ClEAG
005 - FECHA Y HORA DE LA ÚLTIMA TRANSACCIÓN
campo de control 20241107184624.0
003 - IDENTIFICADOR DE NÚMERO DE CONTROL
campo de control AR-ClEAG
100 1# - ENTRADA PRINCIPAL--NOMBRE DE PERSONA
Nombre de persona Sassone, Susana.
245 10 - MENCIÓN DEL TÍTULO
Título Espacios y sociedades del mundo :
Resto del título política, economía y ambiente /
Mención de responsabilidad, etc. Susana Sassone y Celia V. Bertone de Daguerre.
250 ## - MENCION DE EDICION
Mención de edición 1ª ed.
260 ## - PUBLICACIÓN, DISTRIBUCIÓN, ETC.
Lugar de publicación, distribución, etc. Buenos Aires :
Nombre del editor, distribuidor, etc. Kapelusz,
Fecha de publicación, distribución, etc. 2001.
300 ## - DESCRIPCIÓN FÍSICA
Extensión 300 p. :
Otras características físicas col., il., fot., map., gráf. ;
Dimensiones 26 cm.
650 #7 - PUNTO DE ACCESO ADICIONAL DE MATERIA--TÉRMINO DE MATERIA
Término de materia o nombre geográfico como elemento de entrada La Argentina en el Mundo
Subdivisión general Espacios y sociedades del mundo
653 ## - TÉRMINO DE INDIZACIÓN--NO CONTROLADO
Término no controlado Mundo en desarrollo
653 ## - TÉRMINO DE INDIZACIÓN--NO CONTROLADO
Término no controlado Progreso
653 ## - TÉRMINO DE INDIZACIÓN--NO CONTROLADO
Término no controlado Organización política
653 ## - TÉRMINO DE INDIZACIÓN--NO CONTROLADO
Término no controlado Globalización
653 ## - TÉRMINO DE INDIZACIÓN--NO CONTROLADO
Término no controlado Cambio ambiental
653 ## - TÉRMINO DE INDIZACIÓN--NO CONTROLADO
Término no controlado Desafíos geográficos
653 ## - TÉRMINO DE INDIZACIÓN--NO CONTROLADO
Término no controlado Espacios urbanos y rurales
653 ## - TÉRMINO DE INDIZACIÓN--NO CONTROLADO
Término no controlado Reestructuración económica
653 ## - TÉRMINO DE INDIZACIÓN--NO CONTROLADO
Término no controlado Las grandes potencias
700 1# - ENTRADA AGREGADA--NOMBRE PERSONAL
Nombre de persona Bertone de Daguerre, Celia V.
942 ## - ELEMENTOS DE ENTRADA SECUNDARIOS (KOHA)
Tipo de ítem Koha Libros
980 ## - EQUIVALENCIA O REFERENCIA-CRUZADA-MENCIÓN DE SERIE--NOMBRE DE PERSONA/TÍTULO [LOCAL, CANADÁ]
Enlace 2
Nombre de persona Evangelina Gallicchio
Enlace entre campo y número de secuencia 2
Información miscelánea Evangelina Gallicchio
Holdings
Estatus retirado Estado de pérdida Fuente del sistema de clasificación o colocación Estado de daño No para préstamo Biblioteca de origen Biblioteca actual Ubicación en estantería Fecha de adquisición Número de inventario Total de préstamos Signatura topográfica completa Código de barras Visto por última vez Precio de reemplazo Tipo de ítem Koha
    Clasificación decimal universal     Julio Cortázar Julio Cortázar   07/11/2024 454   R7 911.3:30(100:82) B39-D25 1 Ej.1 454 07/11/2024 07/11/2024 Libros
    Clasificación decimal universal     Julio Cortázar Julio Cortázar   07/11/2024 2528   R7 911.3:30(100:82) B39-D25 Ej.2 2528 07/11/2024 07/11/2024 Libros

Contacto

Biblioteca Julio Cortázar. Escuela Agrotécnica "Libertador San Martín". Universidad Nacional de Rosario
Dirección: Ov. Lagos 1000 - 2170 Casilda - Santa Fe - Argentina
Tel: (54) (03464) 422226.
Fax: (54) (03464) 427789.
E-Mail: biblio-eac@unr.edu.ar